[Event "Titled Tue 26th Aug Early"]
[Site "chess.com INT"]
[Date "2025.08.26"]
[Round "4"]
[White "Brzezina, Pawel"]
[Black "Murthy, Pappu"]
[Result "1-0"]
[WhiteTitle "CM"]
[WhiteElo "2128"]
[BlackElo "1836"]
[WhiteFideId "21078866"]
[BlackFideId "2013401"]
[EventDate "2025.08.26"]

1. d4 Nf6 2. c4 e6 3. Nf3 d5 4. g3 Bd6 5. c5 Be7 6. a3 a5 7. Bg2 b6 8. cxb6 cxb6
9. O-O Ba6 10. Ne5 Nbd7 11. Nc6 Qc7 12. Nxe7 Kxe7 13. Bf4 Qc4 14. Re1 Rhc8 15.
Nc3 h6 16. Rc1 Kf8 17. Nxd5 exd5 18. Rxc4 Rxc4 19. e4 dxe4 20. Bxe4 Nxe4 21.
Rxe4 Rac8 22. Re1 Nf6 23. Be5 Nd5 24. Qg4 Nf6 25. Bxf6 gxf6 26. h4 Bb7 27. Qf4
Kg7 28. g4 Rd8 29. g5 hxg5 30. hxg5 Rdxd4 31. Qxf6+ 1-0

[Event "Titled Tue 26th Aug Early"]
[Site "chess.com INT"]
[Date "2025.08.26"]
[Round "4"]
[White "Vihaan Karthikeya N"]
[Black "Oleksiyenko, Mykhaylo"]
[Result "0-1"]
[WhiteTitle "CM"]
[BlackTitle "GM"]
[WhiteElo "2179"]
[BlackElo "2569"]
[WhiteFideId "25950673"]
[BlackFideId "4152417"]
[EventDate "2025.08.26"]

1. d4 d5 2. c4 e6 3. Nc3 Nf6 4. cxd5 exd5 5. Bg5 c6 6. e3 h6 7. Bh4 Bd6 8. Bd3
O-O 9. Nge2 Re8 10. Qc2 a5 11. Bg3 Na6 12. a3 Nc7 13. O-O Bxg3 14. Nxg3 Bd7 15.
Rae1 Ne6 16. f3 b6 17. Nf5 c5 18. Kh1 c4 19. Be2 b5 20. e4 Nf4 21. e5 N6h5 22.
Nd6 Qh4 23. Kg1 b4 24. axb4 axb4 25. Nxd5 Nxd5 26. Bxc4 Qxd4+ 27. Kh1 Rxe5 28.
Rd1 Ne3 29. Bxf7+ Kh8 30. Qg6 Nxd1 31. Bb3 Nf2+ 0-1

[Event "Titled Tue 26th Aug Early"]
[Site "chess.com INT"]
[Date "2025.08.26"]
[Round "4"]
[White "Owen, Garth I"]
[Black "Shapiro, Daniel"]
[Result "0-1"]
[WhiteTitle "CM"]
[BlackTitle "FM"]
[WhiteElo "1807"]
[BlackElo "2284"]
[WhiteFideId "10700382"]
[BlackFideId "2001780"]
[EventDate "2025.08.26"]

1. e4 c5 2. Nf3 Nc6 3. Bb5 Nf6 4. Bxc6 dxc6 5. e5 Nd5 6. O-O g6 7. c3 Bg7 8. d4
cxd4 9. cxd4 O-O 10. Nc3 Nc7 11. Bg5 Be6 12. Qd2 f6 13. Bh6 Rf7 14. Bxg7 Kxg7
15. Rfe1 Qd7 16. Rad1 Bg4 17. Qd3 Bxf3 18. Qxf3 fxe5 19. Qe4 exd4 20. Rxd4 Qf5
21. Qxf5 gxf5 22. Rd7 e6 23. Red1 Rf8 24. Na4 Nd5 25. Rd6 e5 26. Nc5 Kg8 27. Re6
e4 28. Nd7 Rxd7 0-1

[Event "Titled Tue 26th Aug Early"]
[Site "chess.com INT"]
[Date "2025.08.26"]
[Round "4"]
[White "Shandrygin, Nikita"]
[Black "Andreikin, Dmitry"]
[Result "0-1"]
[WhiteTitle "FM"]
[BlackTitle "GM"]
[WhiteElo "2209"]
[BlackElo "2695"]
[WhiteFideId "24198668"]
[BlackFideId "4158814"]
[EventDate "2025.08.26"]

1. e4 c5 2. b4 e5 3. Nf3 Nc6 4. b5 Nd4 5. Bc4 Nf6 6. d3 d5 7. exd5 Bg4 8. Nc3
Bd6 9. Bg5 Qa5 10. Bd2 O-O-O 11. a4 Qc7 12. a5 Qe7 13. h3 e4 14. hxg4 exf3+ 15.
Kf1 Nxg4 16. Ne4 Ne5 17. Ba2 fxg2+ 18. Kxg2 f5 19. Bg5 Qf7 20. Bxd8 fxe4 21. Bh4
Qg6+ 22. Bg3 h5 23. Rh4 Nf5 24. Rxe4 h4 0-1

[Event "Titled Tue 26th Aug Early"]
[Site "chess.com INT"]
[Date "2025.08.26"]
[Round "4"]
[White "Mamedov, Edgar"]
[Black "Williams, Simon K"]
[Result "1-0"]
[WhiteTitle "GM"]
[BlackTitle "GM"]
[WhiteElo "2490"]
[BlackElo "2444"]
[WhiteFideId "13739980"]
[BlackFideId "404454"]
[EventDate "2025.08.26"]

1. d4 e6 2. c4 f5 3. g3 Nf6 4. Bg2 d5 5. Nh3 Be7 6. O-O c6 7. b3 Ne4 8. Ba3 O-O
9. Bxe7 Qxe7 10. f3 Nd6 11. Nd2 Nd7 12. e4 dxc4 13. bxc4 e5 14. c5 Nb5 15. exf5
exd4 16. g4 Nxc5 17. Re1 Qh4 18. Ne4 Nxe4 19. fxe4 h5 20. Nf2 Kh8 21. a4 Nc7 22.
Qxd4 hxg4 23. Qd6 Rf7 24. Rad1 Kh7 25. Qg6+ Kg8 26. Nxg4 Ne8 27. Re3 Qh7 28. Rd8 1-0

[Event "Titled Tue 26th Aug Early"]
[Site "chess.com INT"]
[Date "2025.08.26"]
[Round "4"]
[White "Brilej, Jaka"]
[Black "Advaitt Srikant Koduri"]
[Result "1-0"]
[WhiteTitle "FM"]
[BlackTitle "FM"]
[WhiteElo "2334"]
[BlackElo "2281"]
[WhiteFideId "14618818"]
[BlackFideId "25185454"]
[EventDate "2025.08.26"]

1. c4 c6 2. Nf3 d5 3. g3 Nf6 4. Bg2 Bf5 5. O-O e6 6. Qb3 Qb6 7. d3 Nbd7 8. cxd5
cxd5 9. Be3 Bc5 10. Bxc5 Qxb3 11. axb3 Nxc5 12. Nbd2 O-O 13. b4 Ncd7 14. Nb3
Rfc8 15. Rfc1 a6 16. Nfd4 Bg6 17. f4 Ne8 18. e4 dxe4 19. dxe4 e5 20. Nf5 Bxf5
21. exf5 exf4 22. Bxb7 Rxc1+ 23. Rxc1 Rb8 24. Rc8 fxg3 25. hxg3 Rxb7 26. Rxe8+
Nf8 27. Nc5 Rc7 28. Nxa6 Rc1+ 29. Kg2 Rc2+ 30. Kh3 Rxb2 31. Nc5 Rd2 32. Ne6 fxe6
33. fxe6 1-0

[Event "Titled Tue 26th Aug Early"]
[Site "chess.com INT"]
[Date "2025.08.26"]
[Round "4"]
[White "Ugarte Soto, Cesar"]
[Black "Jahnz, Laurin"]
[Result "0-1"]
[WhiteTitle "CM"]
[BlackTitle "CM"]
[WhiteElo "2088"]
[BlackElo "2219"]
[WhiteFideId "3601331"]
[BlackFideId "16261089"]
[EventDate "2025.08.26"]

1. d4 d5 2. Bf4 c5 3. e3 Nc6 4. c3 Nf6 5. Nd2 cxd4 6. exd4 Bg4 7. Ngf3 e6 8. Be2
Bd6 9. Bg5 h6 10. Bh4 O-O 11. O-O a6 12. a3 b5 13. Re1 Rc8 14. Ne5 Bxe2 15. Qxe2
Be7 16. Bxf6 Bxf6 17. Ndf3 Bxe5 18. Nxe5 Nxe5 19. Qxe5 a5 20. Re3 Rc6 21. Rae1
Qd6 22. Qh5 b4 23. axb4 axb4 24. Rg3 Kh7 25. Ree3 bxc3 26. bxc3 Ra6 27. h4 Ra1+
28. Kh2 g6 29. Qf3 h5 30. Qf6 Qd8 31. Qf4 Kg7 32. Re5 Qf6 33. Qe3 Qxh4+ 34. Rh3
Qf6 35. Rf3 Qe7 36. Rg3 Rh8 37. Reg5 h4 38. Rf3 Qd6+ 39. Rf4 f6 40. Re5 fxe5 41.
dxe5 Qe7 42. Rf6 Rf8 0-1

[Event "Titled Tue 26th Aug Early"]
[Site "chess.com INT"]
[Date "2025.08.26"]
[Round "4"]
[White "Logozar, Elijah"]
[Black "Brozynski, Patryk"]
[Result "0-1"]
[BlackTitle "CM"]
[WhiteElo "1928"]
[BlackElo "2121"]
[WhiteFideId "30963788"]
[BlackFideId "2512700"]
[EventDate "2025.08.26"]

1. e4 c5 2. Nf3 e6 3. d4 cxd4 4. Nxd4 a6 5. c4 Nc6 6. Be3 Nf6 7. Nc3 Bb4 8. Qd3
Qc7 9. Rc1 O-O 10. Be2 Ne5 11. Qb1 b6 12. O-O Neg4 13. g3 Nxe3 14. fxe3 Bb7 15.
Rxf6 gxf6 16. Rf1 Bxc3 17. bxc3 Qe5 18. Bd3 Rab8 19. Rf4 Kh8 20. Qf1 Rg8 21. Ne2
f5 22. Nd4 fxe4 23. Bc2 f5 24. Nxf5 exf5 25. Rxf5 Qxc3 26. Qf4 Qg7 27. Rf7 Rgf8
28. Rxg7 Rxf4 29. Rxd7 Rf6 30. Kg2 Rbf8 31. Rxb7 Rf2+ 32. Kh3 Rxc2 33. Rxb6 Rxc4
34. Rxa6 Rc3 35. a4 Rxe3 36. a5 Ra3 37. Re6 e3 38. a6 e2 39. Rxe2 Rxa6 40. Re4
Ra2 41. Re7 Rf6 42. Re5 Rh6+ 43. Kg4 Raxh2 44. Re7 Rg6+ 45. Kf4 Ra2 46. g4 Ra4+
47. Kf5 Ra5+ 48. Kf4 Ra4+ 49. Kf5 Raxg4 50. Re8+ Rg8 51. Re7 R4g7 52. Re1 Rf8+
53. Ke6 Re8+ 54. Kf6 Rxe1 55. Kf5 Rf1+ 0-1

[Event "Titled Tue 26th Aug Early"]
[Site "chess.com INT"]
[Date "2025.08.26"]
[Round "4"]
[White "Dicen, Elis Denele"]
[Black "Salasan, Haran"]
[Result "1-0"]
[WhiteTitle "WFM"]
[BlackTitle "CM"]
[WhiteElo "2069"]
[BlackElo "2059"]
[WhiteFideId "462560"]
[BlackFideId "3221253"]
[EventDate "2025.08.26"]

1. e4 c6 2. d4 d5 3. exd5 cxd5 4. Bd3 Nc6 5. c3 Qc7 6. h3 g6 7. Nf3 Bf5 8. O-O
Nf6 9. Na3 Bxd3 10. Qxd3 Bg7 11. Nc2 O-O 12. Re1 Ne4 13. Ng5 Nxg5 14. Bxg5 Rfe8
15. Qf3 h6 16. Bf4 Qd7 17. Ne3 e6 18. Ng4 Kh7 19. Bxh6 f5 20. Bxg7 fxg4 21. Qxg4
Kxg7 22. Re3 Re7 23. Rae1 Nd8 24. Rg3 Qe8 25. h4 Kh7 26. Re5 Nc6 27. Rg5 Rg7 28.
h5 Qe7 29. hxg6+ Kg8 30. Rh3 Kf8 31. Rh8+ Rg8 32. g7+ Kf7 33. Qh5+ Kf6 34. Qg6# 1-0

[Event "Titled Tue 26th Aug Early"]
[Site "chess.com INT"]
[Date "2025.08.26"]
[Round "4"]
[White "Dreelinck, Jacob"]
[Black "Zmijanac, Dusko"]
[Result "0-1"]
[WhiteTitle "FM"]
[BlackTitle "FM"]
[WhiteElo "2278"]
[BlackElo "2014"]
[WhiteFideId "250511"]
[BlackFideId "908762"]
[EventDate "2025.08.26"]

1. Nc3 c5 2. a3 Nc6 3. Nf3 d6 4. g3 g6 5. Bg2 Bg7 6. Rb1 e6 7. e3 Nge7 8. b4
cxb4 9. axb4 O-O 10. b5 Na5 11. O-O Bd7 12. Bb2 Nc4 13. Ba1 d5 14. Rb3 Rc8 15.
Qb1 Qc7 16. Ne2 Nd6 17. Bxg7 Kxg7 18. c3 Nc4 19. d3 Nd6 20. Rc1 b6 21. Nd2 Qc5
22. c4 dxc4 23. dxc4 Rfd8 24. Nf4 Ndf5 25. Qb2+ f6 26. Ne4 Qe5 27. Qxe5 fxe5 28.
Nd3 Be8 29. Nxe5 h5 30. h4 Rc7 31. Rbb1 Rdc8 32. Ng5 Kf6 33. f4 Nxe3 34. Ne4+
Kg7 35. Bf1 N7f5 36. Ra1 Nxf1 37. Kxf1 Bxb5 38. Ng5 Bxc4+ 39. Kf2 Bd5 0-1

[Event "Titled Tue 26th Aug Early"]
[Site "chess.com INT"]
[Date "2025.08.26"]
[Round "4"]
[White "Liu, Casper"]
[Black "Mikhailovsky, Vladimir"]
[Result "0-1"]
[WhiteTitle "FM"]
[BlackTitle "CM"]
[WhiteElo "2361"]
[BlackElo "2215"]
[WhiteFideId "1454153"]
[BlackFideId "34105414"]
[EventDate "2025.08.26"]

1. d4 Nf6 2. Bf4 e6 3. e3 b6 4. Qf3 Nc6 5. Nc3 Bb7 6. O-O-O Be7 7. e4 O-O 8. e5
Ne8 9. Bd3 f5 10. exf6 Nxf6 11. Nge2 Bd6 12. Bxd6 cxd6 13. Nb5 Qe7 14. Qg3 e5
15. Bc4+ Kh8 16. dxe5 Nxe5 17. Bb3 Ne4 18. Qe3 Nxf2 19. Nxd6 Bxg2 20. Nf7+ Rxf7
21. Bxf7 Ned3+ 22. Rxd3 Nxd3+ 23. Qxd3 Bxh1 24. Bc4 Re8 25. b3 Qe3+ 26. Kb2 Qxd3
27. Bxd3 Re3 28. Nd4 Rh3 29. b4 Rxh2 30. Bf5 h5 31. Bxd7 h4 32. Kb3 Be4 33. c4
Rd2 34. Kc3 Rd3+ 0-1

[Event "Titled Tue 26th Aug Early"]
[Site "chess.com INT"]
[Date "2025.08.26"]
[Round "4"]
[White "Amburgy, Ryan"]
[Black "Urbina Perez, Juan Antonio"]
[Result "1-0"]
[WhiteTitle "FM"]
[BlackTitle "FM"]
[WhiteElo "2363"]
[BlackElo "2221"]
[WhiteFideId "30924820"]
[BlackFideId "2217368"]
[EventDate "2025.08.26"]

1. Nf3 d5 2. g3 Nd7 3. d4 Nb6 4. Nc3 Bf5 5. Nh4 Bd7 6. Bg2 e6 7. O-O Nf6 8. e4
dxe4 9. Nxe4 Bc6 10. Nxf6+ Qxf6 11. Bxc6+ bxc6 12. Be3 Nd5 13. Qe2 Be7 14. Qc4
O-O 15. Qxc6 Rab8 16. Rab1 Nb4 17. Qc4 Nd5 18. Qe2 Rfc8 19. c4 Nb4 20. a3 Nc6
21. Rfd1 Rb3 22. d5 exd5 23. cxd5 Ne5 24. Bd4 Nf3+ 25. Nxf3 Qxf3 26. Qxe7 Rd3
27. Qe1 h6 28. Bc3 Qxd5 29. Rxd3 Qxd3 30. Rd1 Qg6 31. Qe7 f6 32. h4 Re8 33. Qxc7
Kh7 34. Qxa7 Re4 35. Kh2 Re2 36. Rd2 Qe4 37. Rxe2 Qxe2 38. Qe3 Qg4 39. Bd4 h5
40. a4 Qd7 41. a5 Qa4 42. Bb6 1-0

[Event "Titled Tue 26th Aug Early"]
[Site "chess.com INT"]
[Date "2025.08.26"]
[Round "4"]
[White "Bok, Benjamin"]
[Black "Mostbauer, Maximilian"]
[Result "1-0"]
[WhiteTitle "GM"]
[BlackTitle "CM"]
[WhiteElo "2587"]
[BlackElo "2202"]
[WhiteFideId "1017063"]
[BlackFideId "1626680"]
[EventDate "2025.08.26"]

1. d4 e6 2. c4 b6 3. e4 Bb7 4. Bd3 Bb4+ 5. Nd2 f5 6. d5 fxe4 7. Bxe4 Nf6 8. Bf3
exd5 9. Ne2 O-O 10. O-O d6 11. cxd5 Qe8 12. Nf4 Bxd2 13. Bxd2 Rf7 14. Re1 Re7
15. Bc3 Rxe1+ 16. Qxe1 Qxe1+ 17. Rxe1 Kf7 18. Ne6 Na6 19. Bxf6 Kxf6 20. Rc1 Rc8
21. h4 Nc5 22. Nf4 a5 23. b3 b5 24. g3 b4 25. Kg2 Re8 26. g4 h6 27. Kg3 g5 28.
hxg5+ hxg5 29. Ng2 Re5 30. Ne3 Ba6 31. Rh1 Kg6 32. Nf5 Bb7 33. Rh6+ Kf7 34. Rh7+
Kg6 35. Rxc7 Bxd5 36. Bxd5 1-0

[Event "Titled Tue 26th Aug Early"]
[Site "chess.com INT"]
[Date "2025.08.26"]
[Round "4"]
[White "Hovakimyan, Vache"]
[Black "Thet Naung"]
[Result "1-0"]
[WhiteTitle "FM"]
[BlackTitle "FM"]
[WhiteElo "2270"]
[BlackElo "2267"]
[WhiteFideId "13317288"]
[BlackFideId "13004093"]
[EventDate "2025.08.26"]

1. Nf3 Nf6 2. b3 c5 3. Bb2 Nc6 4. e3 e6 5. d4 b6 6. Nbd2 Bb7 7. Be2 Be7 8. O-O
O-O 9. c3 Rc8 10. Bd3 d6 11. Qe2 e5 12. e4 Re8 13. d5 Nb8 14. a4 a5 15. Nc4 Nbd7
16. h3 Nf8 17. Bc1 Ng6 18. Be3 h6 19. Qd2 Bf8 20. Rab1 Nh5 21. Rfc1 Rb8 22. Bf1
Bc8 23. b4 axb4 24. cxb4 Bd7 25. b5 Nhf4 26. a5 bxa5 27. Nxa5 Qc8 28. b6 Bxh3
29. gxh3 Nxh3+ 30. Bxh3 Qxh3 31. Qe2 f5 32. b7 fxe4 33. Nh2 Nh4 34. Qf1 Qf5 35.
Nc6 Nf3+ 36. Kh1 Be7 37. Nxb8 Rxb8 38. Qg2 Bg5 39. Bxg5 Nxg5 40. Rb3 Kh7 41. Ra1
e3 42. fxe3 e4 43. Ra8 Qf8 44. Rxb8 Qxb8 45. Ng4 1-0

[Event "Titled Tue 26th Aug Early"]
[Site "chess.com INT"]
[Date "2025.08.26"]
[Round "4"]
[White "Matveeva, Olga"]
[Black "Kulik, Nicolas"]
[Result "1-0"]
[WhiteTitle "WIM"]
[WhiteElo "2132"]
[BlackElo "2111"]
[WhiteFideId "24107018"]
[BlackFideId "3009530"]
[EventDate "2025.08.26"]

1. d4 g6 2. c4 Bg7 3. Nc3 c5 4. Nf3 d6 5. g3 Nc6 6. d5 Nd4 7. Bg2 Nxf3+ 8. Bxf3
Bxc3+ 9. bxc3 e5 10. dxe6 fxe6 11. O-O Nf6 12. Bg5 Kf7 13. Rb1 Qe7 14. Qd2 Rd8
15. Qf4 Rd7 16. Rfd1 e5 17. Qh4 Kg7 18. Qh6+ Kg8 19. Bd5+ Kh8 20. Qh4 Kg7 21.
Rd3 e4 22. Bxe4 d5 23. Bxd5 Rd6 24. Re3 Qd8 25. Rf3 Qe7 26. e4 Qe5 27. Qh6+ Kh8
28. Qf8+ Ng8 29. Qxg8# 1-0

[Event "Titled Tue 26th Aug Early"]
[Site "chess.com INT"]
[Date "2025.08.26"]
[Round "4"]
[White "Baches Garcia, Guillermo"]
[Black "Keneshbekov, Elim"]
[Result "1-0"]
[WhiteTitle "IM"]
[BlackTitle "CM"]
[WhiteElo "2305"]
[BlackElo "1891"]
[WhiteFideId "2209764"]
[BlackFideId "13816772"]
[EventDate "2025.08.26"]

1. Nf3 Nf6 2. d4 e6 3. Bg5 Be7 4. Nbd2 d5 5. e3 c5 6. c3 Nc6 7. Bd3 O-O 8. O-O
Qc7 9. Qb1 h6 10. Bh4 e5 11. dxe5 Nxe5 12. Nxe5 Qxe5 13. Nf3 Qh5 14. Bg3 Be6 15.
a3 Rfe8 16. b4 c4 17. Bc2 Ne4 18. Bxe4 dxe4 19. Qxe4 Bd5 20. Qf4 Bf6 21. Nd4
Rad8 22. Rfd1 Rd7 23. Rac1 Be5 24. Qf5 Qxf5 25. Nxf5 Bxg3 26. Nxg3 Red8 27. Rd4
Be6 28. Rcd1 Kf8 29. Rxd7 Rxd7 30. Rxd7 Bxd7 31. e4 Ke7 32. f3 b6 33. Kf2 a5 34.
Ke3 Kd6 35. Kd4 axb4 36. axb4 b5 37. Nf1 Kc6 38. Ne3 Be6 39. g4 g5 40. Ke5 1-0

[Event "Titled Tue 26th Aug Early"]
[Site "chess.com INT"]
[Date "2025.08.26"]
[Round "4"]
[White "Devaev, Alexander"]
[Black "Zepeda Berlanga, Jan Enrique"]
[Result "1-0"]
[WhiteTitle "FM"]
[BlackTitle "CM"]
[WhiteElo "2306"]
[BlackElo "2003"]
[WhiteFideId "4169395"]
[BlackFideId "5132355"]
[EventDate "2025.08.26"]

1. d4 Nf6 2. c4 g6 3. Nc3 d5 4. Nf3 Bg7 5. Bg5 Ne4 6. cxd5 Nxg5 7. Nxg5 e6 8.
Nh3 exd5 9. Nf4 c6 10. e3 O-O 11. Bd3 Qb6 12. Qc2 Na6 13. a3 Qd8 14. O-O Nc7 15.
b4 a5 16. b5 c5 17. dxc5 d4 18. exd4 Qxd4 19. Nce2 Qd8 20. Rac1 Ne6 21. Rfd1 Qg5
22. Nh3 Qh6 23. Be4 Nc7 24. Nhf4 Be5 25. g3 Ne6 26. Nxe6 Bxe6 27. Bxb7 Bf5 28.
Be4 Bxe4 29. Qxe4 Rfe8 30. Qf3 Bb2 31. Rc2 Qg7 32. Kg2 Rab8 33. a4 Be5 34. Nf4
Bxf4 35. Qxf4 Rec8 36. Rd7 1-0

[Event "Titled Tue 26th Aug Early"]
[Site "chess.com INT"]
[Date "2025.08.26"]
[Round "4"]
[White "Ivannikov, Maksim"]
[Black "Brancaleoni, Maurizio"]
[Result "1-0"]
[WhiteTitle "CM"]
[BlackTitle "FM"]
[WhiteElo "2100"]
[BlackElo "2185"]
[WhiteFideId "34275339"]
[BlackFideId "803022"]
[EventDate "2025.08.26"]

1. e4 c6 2. d4 d5 3. e5 c5 4. c4 cxd4 5. Nf3 Bg4 6. Qxd4 Bxf3 7. gxf3 Nc6 8.
Qxd5 Nd4 9. Qe4 Qa5+ 10. Nc3 Qxe5 11. Qxe5 Nxf3+ 12. Ke2 Nxe5 13. Nb5 Rc8 14.
Bf4 Nxc4 15. Nc7+ Kd7 16. Rd1+ Nd6 17. Bxd6 exd6 18. Bh3+ Kd8 19. Bxc8 Kxc8 20.
Nb5 Kd7 21. Rd4 h5 22. Rhd1 Rh6 23. Nxa7 Re6+ 24. Kf1 Nf6 25. Nb5 Be7 26. Nc3
Kc6 27. Nd5 Nxd5 28. Rxd5 g6 29. R5d3 Bf6 30. Rc1+ Kd7 31. Rb3 Re4 32. Rxb7+ Ke6
33. Re1 d5 34. Rxe4+ dxe4 35. a4 1-0

[Event "Titled Tue 26th Aug Early"]
[Site "chess.com INT"]
[Date "2025.08.26"]
[Round "4"]
[White "Sarana, Alexey"]
[Black "Dyachuk, Artem"]
[Result "0-1"]
[WhiteTitle "GM"]
[BlackTitle "FM"]
[WhiteElo "2691"]
[BlackElo "2298"]
[WhiteFideId "24133795"]
[BlackFideId "34107924"]
[EventDate "2025.08.26"]

1. d4 Nf6 2. c4 e6 3. Nc3 Bb4 4. e3 O-O 5. Bd3 d5 6. a3 dxc4 7. Bxc4 Bd6 8. Nf3
Nc6 9. O-O e5 10. h3 a6 11. Qc2 h6 12. Rd1 exd4 13. exd4 b5 14. Ba2 Bb7 15. Bxh6
gxh6 16. Qg6+ Kh8 17. Qxh6+ Nh7 18. Ne4 f5 19. Neg5 Qe7 20. Re1 Qg7 21. Qxg7+
Kxg7 22. Ne6+ Kh8 23. Nxf8 Rxf8 24. Rac1 Nf6 25. d5 Ne7 26. Ne5 Nfxd5 27. Nd7
Rg8 28. Nc5 Ba8 29. Kf1 Rg6 30. Ne6 Nf4 31. Nxf4 Bxf4 32. Rxc7 Bxg2+ 33. Kg1
Be4+ 34. Kf1 Bd3+ 35. Re2 Bxc7 0-1

[Event "Titled Tue 26th Aug Early"]
[Site "chess.com INT"]
[Date "2025.08.26"]
[Round "4"]
[White "Molina, Roberto Junio Brito"]
[Black "Arnold, Rhys"]
[Result "1-0"]
[WhiteTitle "IM"]
[BlackTitle "FM"]
[WhiteElo "2378"]
[BlackElo "2269"]
[WhiteFideId "2109450"]
[BlackFideId "1068849"]
[EventDate "2025.08.26"]

1. d4 Nf6 2. Nf3 c5 3. d5 b5 4. a4 b4 5. c4 g6 6. b3 Bg7 7. Bb2 O-O 8. Nbd2 d6
9. e3 e6 10. dxe6 Bxe6 11. Be2 Nc6 12. O-O h6 13. Qc2 Qc7 14. Rad1 Rfe8 15. Qb1
Bf5 16. Bd3 Bxd3 17. Qxd3 Ng4 18. Bxg7 Kxg7 19. Ne4 Rad8 20. h3 Nge5 21. Nxe5
dxe5 22. Qc2 Qe7 23. Rd5 Rxd5 24. cxd5 Na5 25. Rd1 Rc8 26. d6 Qd8 27. Nxc5 Rc6
28. d7 Rc7 29. Rd5 Nb7 30. Nxb7 Rxb7 31. Qc6 Rc7 32. Qxc7 1-0

[Event "Titled Tue 26th Aug Early"]
[Site "chess.com INT"]
[Date "2025.08.26"]
[Round "4"]
[White "Srihari, L R"]
[Black "Estrada Nieto, Julian"]
[Result "1-0"]
[WhiteTitle "GM"]
[BlackTitle "IM"]
[WhiteElo "2482"]
[BlackElo "2182"]
[WhiteFideId "46617116"]
[BlackFideId "5101018"]
[EventDate "2025.08.26"]

1. Nf3 d5 2. b3 Nf6 3. Bb2 Bf5 4. d3 e6 5. g3 h6 6. Bg2 Be7 7. O-O O-O 8. Nbd2
a5 9. a3 c6 10. Ne5 Nfd7 11. e4 Bh7 12. Ng4 Nf6 13. Nxf6+ Bxf6 14. d4 dxe4 15.
Nxe4 Be7 16. Qe2 Nd7 17. Rad1 Nf6 18. Nc5 Qb6 19. Nd3 a4 20. b4 Qa6 21. Rfe1 Qc4
22. Ne5 Qxc2 23. Rd2 Qb3 24. Nc4 Bxb4 25. axb4 Qxb4 26. Ba3 Qb5 27. Bxf8 Kxf8
28. Rb2 Qa6 29. Na3 Qa7 30. Qe5 Nd5 31. Bxd5 cxd5 32. Rc1 b6 33. Qd6+ Kg8 34.
Qxb6 Qxb6 35. Rxb6 Bd3 36. Rc5 Ra7 37. f4 Kh7 38. Kf2 1-0

[Event "Titled Tue 26th Aug Early"]
[Site "chess.com INT"]
[Date "2025.08.26"]
[Round "4"]
[White "Molaei, Mohammadamin"]
[Black "Zakarian, David"]
[Result "1-0"]
[WhiteTitle "IM"]
[BlackTitle "FM"]
[WhiteElo "2325"]
[BlackElo "2301"]
[WhiteFideId "12541451"]
[BlackFideId "13301276"]
[EventDate "2025.08.26"]

1. d4 a6 2. g3 c5 3. d5 b5 4. Bg2 Bb7 5. a4 b4 6. Nd2 Nf6 7. Nc4 a5 8. Bg5 e6 9.
e4 exd5 10. e5 dxc4 11. Bxb7 Ra7 12. exf6 gxf6 13. Qe2+ Be7 14. Bxf6 Rg8 15. Bd5
Nc6 16. Nf3 Rg6 17. Bxe7 Nxe7 18. Bxc4 d5 19. Bb5+ Kf8 20. O-O Nf5 21. Rfe1 Re7
22. Qd3 Nd6 23. Qxd5 Rxe1+ 24. Rxe1 Qf6 25. Bd3 Rh6 26. Ne5 Qd8 27. Qxc5 Kg7 28.
Qd4 Qf6 29. Qf4 Qe6 30. Nf3 Qd5 31. Qe5+ Qxe5 32. Rxe5 Nb7 33. Rb5 Nd6 34. Rxa5
Re6 35. Rd5 Nc8 36. a5 Na7 37. a6 Re1+ 38. Nxe1 1-0

[Event "Titled Tue 26th Aug Early"]
[Site "chess.com INT"]
[Date "2025.08.26"]
[Round "4"]
[White "Weetik, Vjacheslav"]
[Black "Herbrig, Alexander"]
[Result "1-0"]
[WhiteTitle "FM"]
[BlackTitle "FM"]
[WhiteElo "2423"]
[BlackElo "2292"]
[WhiteFideId "4153472"]
[BlackFideId "12952044"]
[EventDate "2025.08.26"]

1. e4 c5 2. Nf3 d6 3. Bb5+ Nd7 4. d4 cxd4 5. Nxd4 a6 6. Bd3 g6 7. c4 Bg7 8. Ne2
Ngf6 9. Nbc3 O-O 10. O-O Ne5 11. b3 Nxd3 12. Qxd3 b6 13. Bg5 Bb7 14. f3 Rc8 15.
Kh1 Qc7 16. Qd2 e6 17. Bh6 Rfd8 18. Bxg7 Kxg7 19. Rac1 Qe7 20. Qg5 d5 21. cxd5
exd5 22. Nd4 Kh8 23. e5 Ng8 24. Qxe7 Nxe7 25. Na4 Rxc1 26. Rxc1 Nf5 27. Nxf5
gxf5 28. Nxb6 d4 29. Nc4 d3 30. Nd6 Bd5 31. Rd1 Be6 32. Rxd3 Rb8 33. Kg1 Kg7 34.
Kf2 a5 35. Ke3 a4 36. bxa4 Rb4 37. Ra3 f4+ 38. Kd3 Bxa2 39. Rxa2 Rb3+ 40. Kc4
Rb8 41. a5 Rb2 42. Rxb2 1-0

[Event "Titled Tue 26th Aug Early"]
[Site "chess.com INT"]
[Date "2025.08.26"]
[Round "4"]
[White "Swarna Nihal"]
[Black "Lacan Rus, David"]
[Result "1-0"]
[WhiteTitle "FM"]
[BlackTitle "FM"]
[WhiteElo "2366"]
[BlackElo "2364"]
[WhiteFideId "25683640"]
[BlackFideId "651023075"]
[EventDate "2025.08.26"]

1. d4 d5 2. c4 e6 3. Nf3 Nf6 4. g3 Be7 5. Bg2 O-O 6. O-O dxc4 7. Qc2 a6 8. Qxc4
b5 9. Qc2 Bb7 10. Bd2 Be4 11. Qc1 Nc6 12. e3 Nb4 13. Ne5 Bxg2 14. Kxg2 c5 15.
Bxb4 cxb4 16. Nd2 Rc8 17. Qd1 Qd5+ 18. Kg1 a5 19. Qb3 Qxb3 20. axb3 Rc2 21. Rfd1
Bd8 22. Nd3 Bb6 23. Kf1 h5 24. Ke1 h4 25. Rdc1 Rfc8 26. Kd1 Rxc1+ 27. Rxc1 Rxc1+
28. Kxc1 hxg3 29. hxg3 Ng4 30. Ne4 Kh7 31. Nd6 Kg6 32. Nxb5 Kf6 33. Nd6 Kg6 34.
Kd2 Bc7 35. Nc4 Kf6 36. Ke2 Kg5 37. Nc5 Nf6 38. Nb7 Nd5 39. Nbxa5 Kg4 40. Nc6
Kh3 41. e4 Nb6 42. Nxb6 Bxb6 43. d5 exd5 44. exd5 Bc5 45. Ne5 Kg2 46. Nxf7 Bxf2
47. d6 Bxg3 48. d7 Bc7 49. d8=Q Bxd8 50. Nxd8 g5 51. Nc6 g4 52. Nxb4 g3 53. Nd3
Kh2 54. Ne1 g2 55. Nxg2 Kxg2 56. b4 1-0